Student map manual, historical geography of the Bible lands / (Record no. 7062)

MARC details
000 -LEADER
fixed length control field 01820nem a2200409 4500
001 - CONTROL NUMBER
control field 263290
003 - CONTROL NUMBER IDENTIFIER
control field GBCCL
005 - DATE AND TIME OF LATEST TRANSACTION
control field 20241126110618.0
007 - PHYSICAL DESCRIPTION FIXED FIELD--GENERAL INFORMATION
fixed length control field ad canzn
008 - FIXED-LENGTH DATA ELEMENTS--GENERAL INFORMATION
fixed length control field 841102s1979 is e eng
010 ## -
-- 84675065
034 0# -
-- a
040 ## - CATALOGING SOURCE
Original cataloging agency DLC
Transcribing agency DLC
Modifying agency DLC
043 ## -
-- ai-----
050 00 -
-- G2230
-- .P53 1979
082 00 - DEWEY DECIMAL CLASSIFICATION NUMBER
Classification number 912.122
Edition information 19
Item number STU
110 2# - MAIN ENTRY--CORPORATE NAME
Corporate name or jurisdiction name as entry element Pictorial Archive (Near Eastern History) Est.
9 (RLIN) 12500
245 10 - TITLE STATEMENT
Title Student map manual, historical geography of the Bible lands /
Statement of responsibility, etc. general consultant J. Monson ; assisting consultants H.T. Frank ... [et al.].
250 ## - EDITION STATEMENT
Edition statement 1st ed. Nov. 1979.
255 ## - CARTOGRAPHIC MATHEMATICAL DATA
Statement of scale Scales differ.
260 ## - PUBLICATION, DISTRIBUTION, ETC.
Place of publication, distribution, etc. Jerusalem :
Name of publisher, distributor, etc. Pictorial Archive (Near Eastern History) Est.,
Date of publication, distribution, etc. 1979.
300 ## - PHYSICAL DESCRIPTION
Extent 1 atlas (117 p. in various pagings) :
Other physical details col. maps ;
Dimensions 31 x 24 cm.
440 #0 - SERIES STATEMENT/ADDED ENTRY--TITLE
Title Wide screen project--Historical geography of the Bible lands
9 (RLIN) 12501
500 ## - GENERAL NOTE
General note To accompany: The Land between, a regional study guide to the land of the Bible / James M. Monson. Highland Park, IL : Institute of Holy Land Studies, c1983. 288 p.
500 ## - GENERAL NOTE
General note Includes indexes.
500 ## - GENERAL NOTE
General note Inserted: Student map "A", patriarchs through Ezra-Nehemiah. Scale 1:275,000. 2 folded plates : col. maps.
590 ## - LOCAL NOTE (RLIN)
Local note LC copy imperfect: Student map "B", Ezra-Nehemiah through Justinian. Scale 1:275,000, wanting.
630 00 - SUBJECT ADDED ENTRY--UNIFORM TITLE
Uniform title Bible
General subdivision History of Biblical events.
9 (RLIN) 1262
630 00 - SUBJECT ADDED ENTRY--UNIFORM TITLE
Uniform title Bible
General subdivision Geography
-- Maps.
9 (RLIN) 12426
650 #0 - SUBJECT ADDED ENTRY--TOPICAL TERM
Topical term or geographic name entry element Names
General subdivision Geographical
Geographic subdivision Palestine.
9 (RLIN) 12502
700 1# - ADDED ENTRY--PERSONAL NAME
Personal name Monson, James M.
9 (RLIN) 12503
700 1# - ADDED ENTRY--PERSONAL NAME
Personal name Frank, H. T.
9 (RLIN) 12504
700 1# - ADDED ENTRY--PERSONAL NAME
Personal name Monson, James M.
Title of a work Land between, a regional study guide to the land of the Bible.
9 (RLIN) 12505
740 0# -
-- Historical geography of the Bible.
906 ## - LOCAL DATA ELEMENT F, LDF (RLIN)
a 7
b cbc
c orignew
d 3
e ncip
f 19
g y-geogmaps
942 ## - ADDED ENTRY ELEMENTS (KOHA)
Source of classification or shelving scheme Dewey Decimal Classification
Koha item type Reference Books
Holdings
Withdrawn status Lost status Source of classification or shelving scheme Damaged status Not for loan Home library Current Library Shelving location Date acquired Total checkouts Full call number Barcode Date last seen Copy number Price effective from Koha item type
    Dewey Decimal Classification     GRACE BIBLE COLLEGE GRACE BIBLE COLLEGE Concordance 2018-07-06   912.122 STU 000130 2025-05-01 c.1 2018-07-06 Reference Books
© Grace Bible College Library 2025